000 00708nam a2200241Ia 4500
003 OSt
005 20221007102052.0
006 a|||||r|||| 00| 0
007 ta
008 221006b |||||||| |||| 00| 0 eng d
024 _a9,334
037 _cTextual
040 _aLCO
_cLCO
_beng
041 _2eng
_aeng
082 _aZm2,N, P0
100 _aINDIA GOVT. (MINISTRY OF LAW)
_9704252
245 0 _aACTS OF PARLIAMENT with a table showing the effect of Legislation & an Indian, 2000
260 _aNew
_bDelhi Taxmann Pub.
_c2000
300 _a693
650 _aACTS OF PARLIAMENT
_9704253
942 _hZm2,N, P0
_cTEXL
999 _c1178897
_d1178897